Health and social justice (Record no. 202643)

MARC details
000 -LEADER
fixed length control field 00776nam a2200253Ia 4500
008 - FIXED-LENGTH DATA ELEMENTS--GENERAL INFORMATION
fixed length control field 191130s2010##################000#0#eng##
020 ## - INTERNATIONAL STANDARD BOOK NUMBER
ISBN 9780199559978
082 ## - DEWEY DECIMAL CLASSIFICATION NUMBER
Classification number 362.1042 RUG
100 ## - MAIN ENTRY--AUTHOR NAME
Personal name Ruger, Jennifer Prah
245 ## - TITLE STATEMENT
Title Health and social justice
Statement of responsibility, etc Jennifer Prah Ruger
260 ## - PUBLICATION, DISTRIBUTION, ETC. (IMPRINT)
Place of publication Oxford
Name of publisher Oxford University Press
Year of publication 2010
300 ## - PHYSICAL DESCRIPTION
Number of Pages xxxvii, 276 p. : ill. ; 24 cm. ; hpk
500 ## - GENERAL NOTE
General note Includes bibliographical references (p. [237]-270) and index
650 ## - SUBJECT ADDED ENTRY--TOPICAL TERM
Topical Term Equality - Health aspects
Topical Term Health - Social aspects
Topical Term Medical policy
Topical Term Social justice
Topical Term Social Medicine
991 ## -
-- 363629
Holdings
Withdrawn status Lost status Damaged status Not for loan Home library Current library Shelving location Date acquired Full call number Accession Number Price effective from Koha item type
        Anna Centenary Library Anna Centenary Library 4TH FLOOR, A WING 13.10.2020 362.1042 RUG 107674 13.10.2020 English Books

Find us on the map